000 02297ncm0a2200457 4500
001 RU\NLR\ONIZ\197925
005 20250624194640.0
035 _a(NLR Aleph) 010888559
071 2 0 _aс 3980 к
090 _a10539080
_c10539081
100 _a20140402d2005 |||y0rusy50 ca
101 0 _arus
102 _aRU
125 _aax
128 _abt
145 0 _ab
200 1 _aСпящая красавица
_bНоты
_dSleeping Beauty
_eбалет в 3 д. с прологом
_eсоч. 66
_zeng
_fП. И. Чайковский
_gлибр. И. А. Всеволожского по сказке Ш. Перро
_gперелож. для фп. А. Зилоти (ред. А. Н. Дмитриева)
208 _aКлавир
210 _aСанкт-Петербург
_cКомпозитор
_d2005
215 _a267 с.
_d29 см
300 _aПредисл. рус., англ. / Д. Житомирский
300 _aКрат. содерж.: с. 4-6
604 _1700#1$aПерро$gШарль$bШ.$f1628-1703
_150010$aСпящая красавица$xМузыкальные интерпретации
_aПерро, Шарль (1628-1703)
_tСпящая красавица
_xМузыкальные интерпретации
606 1 _aБалеты русские
_xКлавиры
_yРоссия
_z19 век
_2nlr_sh
686 _aЩ972(28) Фп
_vLBC/SL
_2rubbk
700 1 _9z01790
_aЧайковский
_bП. И.
_f1840-1893
_gПетр Ильич
_4230
_7ca
702 1 _9z03790
_aПерро
_bШ.
_f1628-1703
_gШарль
_4070
_7ca
702 1 _9z04790
_aЗилоти
_bА.И.
_f1863-1945
_gАлександр Ильич
_4250
_7ca
702 1 _4480
_7ca
_8rus
_aВсеволожский
_bИ. А.
_f1835-1909
_gИван Александрович
_9227826
_3RU\NLR\AUTH\770227882
790 1 _9z01700
_aTchaikovsky
_bP.I.
_f1840-1893
_gPeter Ilich
_4230
790 1 _9z03702
_aPerrault
_bCh.
_cliric
_f1628-1703
_gCharles
_4070
_7ba
790 1 _9z04702
_aZiloti
_bA. I.
_f1863-1945
_gAlexandr Il`ich
_4250
_7ba
790 1 _9z05702
_aVsevoložskij
_bI. A.
_f1835-1909
_gIvan Aleksandrovič
_4480
_7ba
801 0 _aRU
_bNLR
_c20140402
_gPSBO
801 1 _aRU
_bNLR
_c20140402
_2rusmarc
801 2 _aRU
_bNLR
_c20151225
852 _aNLR
_bМ
_j3/10709
_p279097
_t1
942 _cSCORE
980 _aNB
980 _aONIZ